STAN - poslanci - Statistics

General Stats
  • This quiz has been taken 29 times
  • The average score is 13 of 22
Answer Stats
Hint Answer % Correct
3 Karel Dvořák
100%
21 Lukáš Vlček
100%
15 Vít Rakušan
100%
18 Julie Smejkalová
90%
7 Věra Kovářová
90%
20 Barbora Urbanová
80%
5 Matěj Hlavatý
80%
1 Jan Berki
70%
13 Jan Papajanovský
70%
16 Michaela Šebelová
70%
10 Anežka Nedomová
60%
2 Adriana Chochelová
50%
22 Ester Weimerová
50%
4 Josef Flek
50%
14 Pavla Pivoňka Vaňková
50%
8 Jakub Krainer
40%
9 Jana Krutáková
40%
17 Lucie Sedmihradská
40%
6 Zdena Kašparová
40%
19 Jan Sviták
20%
12 Michaela Opltová
20%
11 Eliška Olšáková
10%
No matching quizzes found
Score Distribution
Percent of People with Each Score
Percentile by Number Answered
Your Score History
You have not taken this quiz